banner koha

Observacoes sobre Pseudococus comstocki (Kuw., 1902)atacando citrus na baixada fluminense [Brasil] (Registro n. 18091)

MARC details
000 -LÍDER
campo de controle de tamanho fixo 00987nam a22003257a 4500
001 - NÚMERO DE CONTROLE
campo de controle BR7316070
003 - IDENTIFICADOR DO NÚMERO DE CONTROLE
campo de controle BR-BrBNA
005 - DATA E HORÁRIO DA ÚLTIMA TRANSAÇÃO
campo de controle 20230928084318.0
007 - CAMPO FIXO DE DESCRIÇÃO FÍSICA--INFORMAÇÃO GERAL
campo de controle de tamanho fixo ta
008 - CAMPO DE DADOS FIXOS--INFORMAÇÃO GERAL
campo de controle de tamanho fixo 230509b bl.||||| |||| 00| 0 por d
040 ## - FONTE DA CATALOGAÇÃO
Instituição da catalogação original BR-BrBNA
Idioma da catalogação por
Instituição que transcreveu o registro Biblioteca Nacional de Agricultura
041 ## - CÓDIGO DE IDIOMA
Código do idioma do texto/trilha sonora ou título diferente (Por)
072 ## - CÓDIGO DE CATEGORIA DE ASSUNTO
Código de Categoria de Assunto H20; H10
Código do objeto 1000
-- 4120
-- 4020
-- /G514
090 ## - NÚMERO DE CHAMADA LOCAL
-- 1000 BR7316070
100 1# - ENTRADA PRINCIPAL--NOME PESSOAL
Nome pessoal Goncalves, C.R.
245 1# - TÍTULO
Título Observacoes sobre Pseudococus comstocki (Kuw., 1902)atacando citrus na baixada fluminense [Brasil]
260 3# - PUBLICAÇÃO, DISTRIBUIÇÃO, ETC.
Local de publicação, distribuição, etc. Rio de Janeiro, GB (Brasil):
Nome do editor, distribuidor, etc. Servico de Informacao Agricola,
Data da publicação, distribuição, etc. 1940.
300 ## - DESCRIÇÃO FÍSICA
Extensão 37 p.
500 ## - NOTA GERAL
Nota geral 39 illus.; 19 ref.; Summary (Eng); Reprint of "Rodriguesia" (1940)(13)
650 ## - ASSUNTO--TERMO TÓPICO
Cabeçalho tópico ou nome geográfico FRUTA CITRICA
650 ## - ASSUNTO--TERMO TÓPICO
Cabeçalho tópico ou nome geográfico FUNGO
650 ## - ASSUNTO--TERMO TÓPICO
Cabeçalho tópico ou nome geográfico COCHONILHA
650 ## - ASSUNTO--TERMO TÓPICO
Cabeçalho tópico ou nome geográfico FORMIGA
650 ## - ASSUNTO--TERMO TÓPICO
Cabeçalho tópico ou nome geográfico SIMBIOSE
650 ## - ASSUNTO--TERMO TÓPICO
Cabeçalho tópico ou nome geográfico PROFILAXIA
650 ## - ASSUNTO--TERMO TÓPICO
Cabeçalho tópico ou nome geográfico CONTROLE QUIMICO
650 ## - ASSUNTO--TERMO TÓPICO
Cabeçalho tópico ou nome geográfico RIO DE JANEIRO
909 ## -
-- 202309
-- Lucia
-- 55
-- Lucia Elande
942 ## - ELEMENTOS DE ENTRADA ADICIONADOS (KOHA)
Tipo de material Koha Livros
Exemplares
Situação do descarte Fonte da classificação ou esquema de arquivamento na estante Situação física Não pode ser emprestado Coleção Biblioteca de origem Biblioteca atual Total de empréstimos Número de telefone completo Código de barras Data de último acesso Número do exemplar Tipo de material Koha Situação das perdas Data de aquisição Fonte de aquisição
  Classificação AGRIS       Biblioteca Nacional de Agricultura - Binagri Biblioteca Nacional de Agricultura - Binagri   1000 BR7316070 1000 BR7316070 25/09/2023 01 Livros   2023-09-25 Portaria Interministerial nº 164/94

BINAGRI

Telefone: (61)3218-2567/2388/3357/2097 - binagri@agro.gov.br

Ministério da Agricultura e Pecuária , Esplanada dos Ministérios, Bloco D, Anexo B, Brasília/DF, CEP: 70.043-900